Internet- The Complete Reference (Record no. 74)

000 -LEADER
fixed length control field 00366nam a2200145Ia 4500
008 - FIXED-LENGTH DATA ELEMENTS--GENERAL INFORMATION
fixed length control field 180728s9999||||xx |||||||||||||| ||und||
020 ## - INTERNATIONAL STANDARD BOOK NUMBER
International Standard Book Number 9780070486997
082 ## - DEWEY DECIMAL CLASSIFICATION NUMBER
Classification number 004
Item number YOU/I
100 ## - MAIN ENTRY--PERSONAL NAME
Personal name Young, Margaret Levine
245 #0 - TITLE STATEMENT
Title Internet- The Complete Reference
250 ## - EDITION STATEMENT
Edition statement 2nd Edition
260 ## - PUBLICATION, DISTRIBUTION, ETC.
Place of publication, distribution, etc. New Delhi
Name of publisher, distributor, etc. Tata McGraw/Hill
Date of publication, distribution, etc. 2002
300 ## - PHYSICAL DESCRIPTION
Extent 857p.
942 ## - ADDED ENTRY ELEMENTS (KOHA)
Koha item type Book
Holdings
Withdrawn status Lost status Damaged status Not for loan Collection code Permanent Location Current Location Date acquired Cost, normal purchase price Serial Enumeration / chronology Total Checkouts Barcode Date last seen Date last checked out Price effective from Koha item type
        School of Data Science (Noida) MUIT-NOIDA MUIT-NOIDA 2018-07-28 395.00 395 4 DSC00074 2024-10-16 2024-09-30 2018-07-28 Reference Book

All Rights Reserved@MUIT

Powered by Koha